000 00238nam a2200097Ia 4500
001 645010
005 20250826153615.0
008 250824s9999 xx 000 0 und d
245 0 _aKIR GEZİSİ
_cGÜLTEN DAYIOĞLU
260 _bALTIN KİTAPLAR
999 _c645010
_d645010